| 000 | 00360nam a22001337a 4500 | ||
|---|---|---|---|
| 008 | 250310b |||||||| |||| 00| 0 eng d | ||
| 020 | _a9780241638163 | ||
| 050 |
_aRC584 _b.M33 |
||
| 100 | _aMacphart Theresa | ||
| 245 | _aAllergic How Our Immune System Reacts to a Chancring World | ||
| 260 |
_aIreland _bPenguin Books _c2023 |
||
| 300 | _avi,344p | ||
| 942 | _cBK | ||
| 999 |
_c2209 _d2209 |
||